| 000 | 00988nac a22003137a 4500 | ||
|---|---|---|---|
| 001 | BR0805062 | ||
| 003 | BR-BrBNA | ||
| 005 | 20240105123633.0 | ||
| 008 | 230509b bl.|||m| |||| 00| 0 por d | ||
| 040 |
_aBR-BrBNA _bpor _cBiblioteca Nacional de Agricultura |
||
| 072 | _aE11; P01 | ||
| 090 | _aE11 BR0805062 | ||
| 100 | 1 | _aSilva, J.M.L. da | |
| 100 | 1 | _aValente, M.A. | |
| 100 | 1 | _aRodrigues, T.E. | |
| 100 | 1 | _aPonte, F.C. da | |
| 110 | 1 | _aEMBRAPA Amazônia Oriental, Belém, PA (Brasil) | |
| 245 | 1 | _aZoneamento agroecológico do Município de Abel Figueiredo, Estado do Pará | |
| 260 | 3 |
_aBelém, PA (Brasil): _c2002. |
|
| 300 | _a32 p. | ||
| 490 |
_aDocumentos - EMBRAPA Amazônia Oriental (Brazil) _vno. 139 _xISSN 1517-2201 |
||
| 500 | _a18 ref.; 7 tables | ||
| 650 | _aZONEAMENTO AGRÍCOLA | ||
| 650 | _aZONEAMENTO ECOLÓGICO | ||
| 650 | _aAPTIDÃO AGRÍCOLA | ||
| 650 | _aPARÁ | ||
| 909 |
_a202312 _bLúcia Elande _c55 _dLúcia Elande |
||
| 942 |
_2AGRIS _n0 _cMS |
||
| 999 |
_c296321 _d296321 |
||